000 01035nam a22002657a 4500
001 BD-DhSAU 9278
003 BD-DhSAU
005 20260513123339.0
008 260513b2018 bg a|||| m||| 00| 0 eng d
040 _aBD-DhSAU
082 _222
_a636.085
_bAn55
100 _aRHAMAN, ANISUR
_eRegistration # 17-08070
245 _aQuality assessment of silage by using different preparation methods /
_bMS thesis
260 _aSher-e-Bangla Agricultural University;
_bDepartment of Animal nutrition, genetics and breeding ;
_c2024.
300 _ax, 58p. :
_bill. ;
_c30 cm.
500 _aMS thesis of Department of Animal nutrition, genetics and breeding ;, ;, Faculty of ASVM. Sher-e-Balgla Agricultural University Dhaka-1207
504 _aIncludes bibliographical reference.
590 _aNazmul
650 _asilage
650 _apreparation methods
700 _aAsiist. Prof. Md. Mahfuj Ullah Patoary
_eSuperviser
710 _eCo-Superviser
_aProf. Dr. Md. Mufazzal Hossain
942 _2ddc
_cTHESIS
999 _c18411
_d18410